Obsah športovej prípravy 13-15-ročnej mládeže vo volejbale

Podrobná bibliografia
Hlavný autor: Szalay, Štefan (Autor)
Médium: Článok
Jazyk:slovenčina
Fyzický popis:Tb. 1. Grafy 3.
Predmet:

MARC

LEADER 00000nab a2200000 a 4500
001 vtls000008427
003 SK-MaSNL
005 20260303192616.0
008 111103c1978 xo 0 slo
015 |a SNBRB19rr/mm-uuuuu 
035 |a CL0018520 
040 |a SNKBUCL  |b slo  |c SNKBUCL  |e AACR2 
041 0 |a slo 
044 |a xo  |c SK 
080 |a 796.3  |2 1981 
080 |a 796.091  |2 1981 
100 1 |a Szalay, Štefan  |4 aut  |9 778959 
245 1 0 |a Obsah športovej prípravy 13-15-ročnej mládeže vo volejbale  |c Štefan Szalay 
300 |b Tb. 1. Grafy 3. 
650 0 7 |a volejbal  |2 snkbucl  |9 3294 
655 7 |a články z novín a časopisov  |2 snkbucl  |9 267496 
773 0 |t Tréner  |g Roč. 22, č. 8 (1978), s. 367-370 
850 |a Slovenská národná knižnica v Martine  |a MTA001 
852 |a SNK  |b KIS3GCP 
958 |a RK 
992 |a RBX 
999 |c 2147397  |d 2149327